Genetic linkage mapping in peach using morphological, RFLP and RAPD markers (Record no. 59836)

MARC details
000 -LEADER
fixed length control field 00374nam a2200133Ia 4500
100 ## - MAIN ENTRY--AUTHOR NAME
Personal name Rajapkse S
245 #0 - TITLE STATEMENT
Title Genetic linkage mapping in peach using morphological, RFLP and RAPD markers
260 ## - PUBLICATION, DISTRIBUTION, ETC. (IMPRINT)
Name of publisher Theoretical and Applied Genetics
Year of publication 1995
300 ## - PHYSICAL DESCRIPTION
Number of Pages 503-510
650 ## - SUBJECT ADDED ENTRY--TOPICAL TERM
Topical Term RAPD
650 ## - SUBJECT ADDED ENTRY--TOPICAL TERM
Topical Term RFLP
942 ## - ADDED ENTRY ELEMENTS (KOHA)
Koha item type Journals
Holdings
Withdrawn status Lost status Damaged status Not for loan Home library Current library Shelving location Date acquired Serial Enumeration / chronology Koha item type
      Journals RRII Library RRII Library RAPD 17/12/2021 Volume 90, Issue 04-Mar Journals